=LDR 00000nam 2200000 4500 =001 INLIS000000000030227 =005 20130612132405 =008 ***********************************Indonesia** =035 ##$$0010-061300000030227 =041 ##$$a Indonesia =082 ##$$a R.340.2 =090 ##$$a R.340.2, Ami, p =100 ##$$a Sri Badini Amijojo =245 ##$$a Perlindungan hukum terhadap pengungsi berdasarkan konvensi jenewa 1951, Sri Badini Amijojo =260 ##$$a 2004 $b Jakarta =300 ##$$a viii,53 hlm., 21 cm =650 ##$$a Hukum-Bunga rampai =850 ##$$a NBPNMAT